000 01120nam a2200265Ia 4500
003 OSt
005 20221005103302.0
006 a|||||r|||| 00| 0
007 ta
008 221004b |||||||| |||| 00| 0 hin d
020 _a9789384986216 (hbk)
_cINR 995.00
024 _a44918
037 _b272, 09/02/2019, Eastern Book Linkers
_cTextual
040 _aCRL
_cCRL
_bhin
041 _2hin
_ahin
082 _aQ4:33, 152Q8
100 _aसिंह, राम प्रकाश, ले.
245 0 _aबुद्धकालीन भारत का सामाजिक, सांस्कृतिक एवं आर्थिक विश्लेषण
246 _aBuddhakālīn bhārat kā sāmājika, sāanskṛutik evan ārthik vishleṣhaṇa
260 _aगाजियाबाद
_bशिक्षा दीप प्रकाशन भारत
_c2018
300 _a208पृ0
_ccm.
650 _aधर्म
942 _hQ4:33, 152Q8
_cTEXL
_2cc
999 _c1009796
_d1009796